[Event "4NCL Division 3 North"]
[Site "Bolton, ENG"]
[Date "2018.02.10"]
[Round "5.11"]
[White "Thorarinsson, Pall A"]
[Black "Burke, Steven J"]
[Result "1/2-1/2"]
[WhiteElo "2287"]
[BlackElo "1908"]
[PlyCount "84"]
[EventDate "2018.02.10"]
[WhiteTeam "Gonzaga"]
[BlackTeam "Ashfield-Breadsall 2"]

1. d4 d6 2. Nf3 g6 3. b3 Bg7 4. Bb2 Nf6 5. g3 O-O 6. Bg2 c6 7. O-O Nbd7 8. c4
Qc7 9. Nc3 e5 10. Qc2 a6 11. Rad1 Re8 12. dxe5 dxe5 13. Ng5 Nc5 14. Ba3 Bf8 15.
Qc1 Bf5 16. Bb2 Rad8 17. Rxd8 Rxd8 18. Nf3 Ncd7 19. Rd1 h6 20. Na4 Re8 21. h3
Be4 22. Ne1 Bxg2 23. Nxg2 Kh7 24. Ne3 Nc5 25. Nc3 Rd8 26. Rxd8 Qxd8 27. Qd1
Qxd1+ 28. Ncxd1 Ncd7 29. Kg2 Bg7 30. Ba3 Ne4 31. f3 Ng5 32. Nf2 Ne6 33. Kf1 f5
34. Nc2 Kg8 35. e3 Kf7 36. Ke2 Nec5 37. Nd3 Nxd3 38. Kxd3 Ke6 39. Ne1 e4+ 40.
fxe4 Ne5+ 41. Ke2 fxe4 42. Bb2 Bf6 1/2-1/2

[Event "4NCL Division 3 North"]
[Site "Bolton, ENG"]
[Date "2018.02.10"]
[Round "5.12"]
[White "Taylor, Robert P"]
[Black "Moran, Stephen"]
[Result "0-1"]
[WhiteElo "1813"]
[BlackElo "2127"]
[PlyCount "64"]
[EventDate "2018.02.10"]
[WhiteTeam "Ashfield-Breadsall 2"]
[BlackTeam "Gonzaga"]

1. d4 Nf6 2. Bg5 c5 3. Bxf6 gxf6 4. d5 Qb6 5. Qc1 f5 6. e3 Bg7 7. Nc3 d6 8. Bd3
c4 9. Bxc4 Bxc3+ 10. bxc3 Qc5 11. Bb3 Qxc3+ 12. Kf1 b6 13. Ne2 Ba6 14. Qe1
Bxe2+ 15. Kxe2 Qc5 16. c4 Nd7 17. Qc3 O-O-O 18. Rhd1 Rhg8 19. g3 Kb8 20. Rd4
Rc8 21. Qd3 Qa3 22. Rb1 e6 23. dxe6 fxe6 24. Rxd6 Nc5 25. Qd4 h5 26. Qe5 Ka8
27. Bc2 Qxa2 28. Rb2 Qxc4+ 29. Bd3 Nxd3 30. Rxd3 Rgd8 31. Rbd2 Rxd3 32. Rxd3
Rd8 0-1

[Event "4NCL Division 3 North"]
[Site "Bolton, ENG"]
[Date "2018.02.10"]
[Round "5.13"]
[White "Delaney, Killian"]
[Black "Hill, Maurice J"]
[Result "1-0"]
[WhiteElo "2193"]
[BlackElo "1788"]
[PlyCount "81"]
[EventDate "2018.02.10"]
[WhiteTeam "Gonzaga"]
[BlackTeam "Ashfield-Breadsall 2"]

1. e4 c5 2. c3 d6 3. d4 Nd7 4. f4 Qc7 5. Nf3 e6 6. Bd3 Ne7 7. O-O g6 8. f5 Bg7
9. fxe6 fxe6 10. Ng5 Nf6 11. Qa4+ Kf8 12. Qb3 Nc6 13. Qxe6 Qe7 14. Qxe7+ Kxe7
15. dxc5 dxc5 16. Na3 Ne5 17. Bc2 b6 18. Bf4 Nfd7 19. Nb5 h6 20. Nf3 Bb7 21.
Nc7 Raf8 22. Bg3 Nxf3+ 23. gxf3 Ne5 24. Kg2 Nc4 25. Rae1 Nxb2 26. Nd5+ Kd7 27.
Rb1 Bxd5 28. Rxb2 Bxc3 29. Ba4+ Kc8 30. Rc2 Bxe4 31. fxe4 Rxf1 32. Kxf1 Bd4 33.
e5 Rf8+ 34. Ke2 a6 35. Bb3 Kd7 36. Kd3 g5 37. Ke4 h5 38. e6+ Kc6 39. Bd5+ Kb5
40. e7 Rf1 41. e8=Q+ 1-0

[Event "4NCL Division 3 North"]
[Site "Bolton, ENG"]
[Date "2018.02.10"]
[Round "5.14"]
[White "Graham, Neil"]
[Black "Freeman, Gordon"]
[Result "0-1"]
[WhiteElo "1787"]
[BlackElo "2152"]
[PlyCount "106"]
[EventDate "2018.02.10"]
[WhiteTeam "Ashfield-Breadsall 2"]
[BlackTeam "Gonzaga"]

1. d4 Nf6 2. f3 d5 3. e4 e6 4. Be3 dxe4 5. Nd2 Nd5 6. Qe2 Nc6 7. c3 exf3 8.
Ngxf3 Be7 9. Bf2 O-O 10. Nc4 b5 11. Nce5 Nxe5 12. Nxe5 a6 13. Nc6 Qd6 14. Nxe7+
Qxe7 15. Qe4 f5 16. Qe5 Bb7 17. Be2 Qd6 18. Qxd6 cxd6 19. Bf3 g5 20. O-O Kg7
21. Bg3 f4 22. Bf2 Rf7 23. Rfe1 Kf6 24. Bg4 Re7 25. Re2 Nb6 26. Rae1 Bd5 27. g3
f3 28. Re3 Nc4 29. Rd3 Nxb2 30. Rde3 Nc4 31. Rd3 Nb6 32. Bxf3 Kg6 33. Bxd5 Nxd5
34. Re2 Rc8 35. Be1 g4 36. Kg2 Rf8 37. h3 h5 38. h4 Rf5 39. a3 Re8 40. Ra2 Ref8
41. Rf2 Rxf2+ 42. Bxf2 Rc8 43. Be1 Kf5 44. Rd2 Rxc3 45. Rf2+ Rf3 46. Rxf3+
gxf3+ 47. Kxf3 Nb6 48. Bd2 Nc4 49. Bb4 a5 50. Bc3 Nxa3 51. Bxa5 Nc2 52. Bc3 b4
53. Bb2 Na3 0-1

[Event "4NCL Division 3 North"]
[Site "Bolton, ENG"]
[Date "2018.02.10"]
[Round "5.15"]
[White "Murray, David"]
[Black "Gogia, Armaan"]
[Result "1-0"]
[WhiteElo "2150"]
[BlackElo "1825"]
[PlyCount "53"]
[EventDate "2018.02.10"]
[WhiteTeam "Gonzaga"]
[BlackTeam "Ashfield-Breadsall 2"]

1. e4 c5 2. Nf3 d6 3. d4 cxd4 4. Nxd4 Nf6 5. Nc3 a6 6. h3 e5 7. Nde2 h5 8. Bg5
Be6 9. Bxf6 Qxf6 10. Nd5 Bxd5 11. Qxd5 Nc6 12. Nc3 Qd8 13. Bc4 Qc7 14. Bb3 Nd4
15. Ba4+ Nc6 16. O-O Rc8 17. Qd2 Qa5 18. Qg5 b5 19. Bb3 Nd4 20. f4 b4 21. Nd5
Rh6 22. fxe5 Rg6 23. Qxh5 Qc5 24. Rf2 Nxb3 25. axb3 Qd4 26. Qf5 Qa7 27. Qxc8#
1-0

[Event "4NCL Division 3 North"]
[Site "Bolton, ENG"]
[Date "2018.02.10"]
[Round "5.16"]
[White "Lavelle, Terry"]
[Black "Jackson, Carl"]
[Result "0-1"]
[WhiteElo "1560"]
[BlackElo "2154"]
[PlyCount "114"]
[EventDate "2018.02.10"]
[WhiteTeam "Ashfield-Breadsall 2"]
[BlackTeam "Gonzaga"]

1. e4 c5 2. Nc3 Nc6 3. g3 g6 4. Bg2 Bg7 5. d3 e6 6. Be3 b6 7. Nf3 Nge7 8. O-O
d5 9. d4 dxe4 10. Nxe4 cxd4 11. Bg5 h6 12. Bf6 O-O 13. Qd2 Bb7 14. Rfe1 Bxf6
15. Nxf6+ Kg7 16. Ng4 Rh8 17. Nge5 Nxe5 18. Rxe5 Bxf3 19. Bxf3 Qd6 20. Bxa8
Qxe5 21. Bg2 Qc5 22. b4 Qd6 23. Rd1 e5 24. c3 Rd8 25. cxd4 Qxd4 26. Qxd4 Rxd4
27. Rxd4 exd4 28. b5 g5 29. a4 Kf6 30. Be4 Ke5 31. f3 Nd5 32. Kf2 f5 33. Bc2
Ne3 34. Bb3 Kd6 35. Ke2 Kc5 36. Bf7 Kb4 37. Kd3 Kxa4 38. Be8 Nf1 39. Kxd4 Nxh2
40. Bc6 Nf1 41. g4 fxg4 42. fxg4 Ng3 43. Kc4 h5 44. gxh5 Nxh5 45. Kd3 Nf6 46.
Ke2 Kb4 47. Ke3 Kc5 48. Kf3 Nd5 49. Kg4 Nc7 50. Kxg5 a5 51. bxa6 Kxc6 52. a7
Kb7 53. Kf5 Kxa7 54. Ke5 Ka6 55. Kd4 Kb5 56. Kc3 Kc5 57. Kb3 Nd5 0-1

[Event "4NCL Division 3 North"]
[Site "Bolton, ENG"]
[Date "2018.02.10"]
[Round "5.21"]
[White "Clarke, Stuart W"]
[Black "Palecek, Peter"]
[Result "1/2-1/2"]
[WhiteElo "2233"]
[BlackElo "2262"]
[PlyCount "58"]
[EventDate "2018.02.10"]
[WhiteTeam "3Cs 2"]
[BlackTeam "Castleford Roses"]

1. e4 e5 2. Nf3 Nc6 3. Bc4 Bc5 4. c3 Nf6 5. d3 d6 6. Bb3 a6 7. O-O O-O 8. h3
Ba7 9. Re1 Qe7 10. Nbd2 Be6 11. Nf1 Bxb3 12. Qxb3 Nd8 13. Ng3 Qe6 14. Qd1 g6
15. Bh6 Re8 16. Nh2 Kh8 17. Be3 d5 18. Bxa7 Rxa7 19. Nf3 Nc6 20. Qa4 b5 21.
exd5 Qxd5 22. Qh4 Ng8 23. d4 Raa8 24. dxe5 Nxe5 25. Ng5 h6 26. Qd4 Qxd4 27.
cxd4 hxg5 28. Rxe5 Rxe5 29. dxe5 Re8 1/2-1/2

[Event "4NCL Division 3 North"]
[Site "Bolton, ENG"]
[Date "2018.02.10"]
[Round "5.22"]
[White "Kanakova, Natalie"]
[Black "Reeve, Andy K"]
[Result "0-1"]
[WhiteElo "2245"]
[BlackElo "2200"]
[PlyCount "76"]
[EventDate "2018.02.10"]
[WhiteTeam "Castleford Roses"]
[BlackTeam "3Cs 2"]

1. e4 d6 2. d4 Nf6 3. Nc3 c6 4. Bd3 e5 5. Nge2 Be7 6. O-O O-O 7. h3 b5 8. a3 a6
9. f4 exd4 10. Nxd4 c5 11. Nf3 c4 12. Be2 Bb7 13. Qd4 Nbd7 14. Be3 Nc5 15. e5
dxe5 16. Qxe5 Bd6 17. Qd4 Nce4 18. Nxe4 Nxe4 19. Qd1 Ng3 20. Re1 Re8 21. Ne5
Nxe2+ 22. Qxe2 f6 23. Ng4 Bxf4 24. Rad1 Bxe3+ 25. Nxe3 Qe7 26. Qg4 Qe4 27. Qg3
Qg6 28. Qc7 Bf3 29. Rd2 Re5 30. Rf2 Bd5 31. Rd1 Rxe3 32. Rxd5 Rae8 33. Rfd2
Rxh3 34. Rd8 Rhe3 35. Qb6 Re1+ 36. Kf2 Qf5+ 37. Kg3 Qg5+ 38. Kf2 Qf4# 0-1

[Event "4NCL Division 3 North"]
[Site "Bolton, ENG"]
[Date "2018.02.10"]
[Round "5.23"]
[White "Adams, Philip"]
[Black "Abrahams, Daniel"]
[Result "0-1"]
[WhiteElo "2147"]
[BlackElo "2215"]
[PlyCount "78"]
[EventDate "2018.02.10"]
[WhiteTeam "3Cs 2"]
[BlackTeam "Castleford Roses"]

1. e4 c5 2. Nf3 e6 3. c3 Nf6 4. e5 Nd5 5. Bc4 Nc6 6. O-O d6 7. d4 cxd4 8. cxd4
Be7 9. exd6 Qxd6 10. Nc3 Nxc3 11. bxc3 O-O 12. Re1 b6 13. Ng5 h6 14. Ne4 Qc7
15. Bxh6 f5 16. Ng5 gxh6 17. Rxe6 Bxe6 18. Nxe6 Qd6 19. Nxf8+ Kxf8 20. Qh5 Qf6
21. Re1 Re8 22. Be6 Rd8 23. d5 Rd6 24. c4 Nd8 25. Bxf5 b5 26. Bd3 bxc4 27. Bxc4
Nf7 28. Bb3 Bd8 29. Qe2 Bb6 30. g3 Kg7 31. h4 Qg6 32. Kg2 Rf6 33. f3 Bc7 34. g4
Ne5 35. h5 Qg5 36. Rf1 Bd6 37. Kh3 Qf4 38. Kg2 Nxg4 39. Kh3 Qg3# 0-1

[Event "4NCL Division 3 North"]
[Site "Bolton, ENG"]
[Date "2018.02.10"]
[Round "5.25"]
[White "Rita, Joao"]
[Black "Kanak, Filip"]
[Result "1/2-1/2"]
[WhiteElo "2035"]
[BlackElo "1979"]
[PlyCount "76"]
[EventDate "2018.02.10"]
[WhiteTeam "3Cs 2"]
[BlackTeam "Castleford Roses"]

1. e4 c5 2. Nf3 Nc6 3. Bb5 Nd4 4. Nxd4 cxd4 5. O-O a6 6. Bc4 Qc7 7. d3 e6 8. f4
b5 9. Bb3 Bb7 10. a4 Nf6 11. f5 Bd6 12. h3 O-O 13. Bg5 Bh2+ 14. Kh1 Be5 15. Nd2
d5 16. Bxf6 Bxf6 17. Qg4 Rae8 18. axb5 axb5 19. Ra7 Qb6 20. Rfa1 exf5 21. Qxf5
Re5 22. Qg4 dxe4 23. Nxe4 Bxe4 24. dxe4 h5 25. Rxf7 Rxf7 26. Qc8+ Bd8 27. Ra6
Qc7 28. Qxc7 Bxc7 29. Ra8+ Kh7 30. Bxf7 Rxe4 31. Ra1 Re2 32. Bb3 d3 33. cxd3
Rxb2 34. Bd5 b4 35. Kg1 Bg3 36. Kf1 Rf2+ 37. Kg1 Rb2 38. Kf1 Rf2+ 1/2-1/2

[Event "4NCL Division 3 North"]
[Site "Bolton, ENG"]
[Date "2018.02.10"]
[Round "5.26"]
[White "Lancaric, Tomas"]
[Black "Sheppard, Daniel C"]
[Result "0-1"]
[WhiteElo "1892"]
[BlackElo "1915"]
[PlyCount "56"]
[EventDate "2018.02.10"]
[WhiteTeam "Castleford Roses"]
[BlackTeam "3Cs 2"]

1. d4 e6 2. c4 b6 3. Nc3 Bb7 4. Nf3 f5 5. Bf4 Be7 6. d5 Na6 7. d6 Bxd6 8. Bxd6
cxd6 9. Qxd6 Qe7 10. Nb5 Nf6 11. O-O-O Ne4 12. Qd4 d5 13. Ne5 O-O 14. f3 Nf6
15. e3 Rfd8 16. Be2 dxc4 17. Nd6 Bd5 18. Nef7 Rxd6 19. Nxd6 Qxd6 20. e4 Qf4+
21. Kb1 fxe4 22. Bxc4 Nc7 23. Rhe1 e5 24. Bxd5+ Ncxd5 25. Qc4 exf3 26. Qc6 Qf5+
27. Ka1 Rc8 28. Qd6 f2 0-1

[Event "4NCL Division 3 North"]
[Site "Bolton, ENG"]
[Date "2018.02.10"]
[Round "5.31"]
[White "Watson, Phil R"]
[Black "Lyth, John D"]
[Result "0-1"]
[WhiteElo "2156"]
[BlackElo "1990"]
[PlyCount "50"]
[EventDate "2018.02.10"]
[WhiteTeam "Bradford DCA Knights A"]
[BlackTeam "Manchester Manticores 2"]

1. d4 d5 2. c4 c6 3. cxd5 cxd5 4. Bf4 Nc6 5. Nc3 Nf6 6. e3 Bf5 7. Rc1 e6 8. Qb3
Bb4 9. a3 Bxc3+ 10. Rxc3 Qe7 11. Bb5 O-O 12. Bxc6 bxc6 13. Nf3 Rfc8 14. O-O Ne4
15. Rfc1 Nxc3 16. Rxc3 c5 17. dxc5 Rxc5 18. Nd4 Rac8 19. Rxc5 Qxc5 20. h3 Bg6
21. Qb7 h6 22. Be5 Re8 23. Qd7 Qe7 24. Qa4 f6 25. Bd6 Qxd6 0-1

[Event "4NCL Division 3 North"]
[Site "Bolton, ENG"]
[Date "2018.02.10"]
[Round "5.32"]
[White "Timson, Paul F"]
[Black "Lang, Adam R"]
[Result "0-1"]
[WhiteElo "1952"]
[BlackElo "2173"]
[PlyCount "86"]
[EventDate "2018.02.10"]
[WhiteTeam "Manchester Manticores 2"]
[BlackTeam "Bradford DCA Knights A"]

1. d4 Nf6 2. c4 e6 3. Nc3 d5 4. Bg5 Be7 5. e3 O-O 6. cxd5 Nxd5 7. Bxe7 Qxe7 8.
Nxd5 exd5 9. Nf3 Bf5 10. Bd3 Be4 11. O-O Nd7 12. Rc1 c6 13. Bxe4 dxe4 14. Nd2
Nf6 15. Qc2 Rfe8 16. Nc4 Nd5 17. a3 Rad8 18. f3 b5 19. Ne5 Nxe3 20. Nxc6 Qd6
21. Qc5 Nxf1 22. Qxd6 Rxd6 23. Kxf1 exf3 24. gxf3 a6 25. Kf2 g6 26. Rc5 Kg7 27.
f4 Re4 28. Kf3 Re1 29. Kf2 Rh1 30. Kg2 Rb1 31. Rc2 Kf6 32. Nb4 Rxd4 33. Nxa6
Rxf4 34. Nc7 Rf5 35. b4 Rb3 36. Rc6+ Ke7 37. Rb6 h5 38. Nxb5 h4 39. Rb7+ Kf8
40. h3 Rg3+ 41. Kh2 Rf2+ 42. Kh1 Rf1+ 43. Kh2 Rfg1 0-1

[Event "4NCL Division 3 North"]
[Site "Bolton, ENG"]
[Date "2018.02.10"]
[Round "5.33"]
[White "Chapman, Julian R"]
[Black "Rahulan, Thivyaa"]
[Result "0-1"]
[WhiteElo "2102"]
[BlackElo "2020"]
[PlyCount "64"]
[EventDate "2018.02.10"]
[WhiteTeam "Bradford DCA Knights A"]
[BlackTeam "Manchester Manticores 2"]

1. c4 e6 2. g3 f5 3. Bg2 Nf6 4. Nf3 Be7 5. O-O O-O 6. b3 d6 7. d4 Qe8 8. Nc3
Nbd7 9. Ng5 Bd8 10. f4 h6 11. Nh3 Kh8 12. Nf2 e5 13. fxe5 dxe5 14. dxe5 Nxe5
15. Nd3 c6 16. Bf4 Neg4 17. Qd2 g5 18. Bd6 Be7 19. Bxe7 Qxe7 20. e4 Rd8 21.
Rae1 Qd6 22. Nd5 fxe4 23. Nxf6 Qd4+ 24. Kh1 Nxf6 25. Qf2 exd3 26. Re8+ Kg7 27.
Re7+ Kf8 28. Re3 d2 29. Rd1 Kg8 30. Bd5+ Rxd5 31. cxd5 Ne4 32. Qf3 Bg4 0-1

[Event "4NCL Division 3 North"]
[Site "Bolton, ENG"]
[Date "2018.02.10"]
[Round "5.34"]
[White "Hilton, Tim"]
[Black "Jennings, Roger W"]
[Result "0-1"]
[WhiteElo "1997"]
[BlackElo "2015"]
[PlyCount "82"]
[EventDate "2018.02.10"]
[WhiteTeam "Manchester Manticores 2"]
[BlackTeam "Bradford DCA Knights A"]

1. c4 g6 2. g3 Bg7 3. Bg2 Nf6 4. Nc3 O-O 5. d3 Nc6 6. Nf3 d5 7. cxd5 Nxd5 8.
Bd2 Nxc3 9. bxc3 Bd7 10. Qc1 Qc8 11. Rb1 Rb8 12. h4 h5 13. Bh6 Bg4 14. Bxg7
Kxg7 15. Ng5 f6 16. Ne4 Ne5 17. Qe3 Qe6 18. c4 Qa6 19. O-O Qa3 20. Rfc1 Bf5 21.
Qc5 Qxc5 22. Nxc5 b6 23. Na6 Rbc8 24. f4 Ng4 25. Bb7 Rcd8 26. c5 bxc5 27. Rxc5
Rd7 28. Bc6 Rd6 29. Rb7 Bc8 30. Rxa7 Bxa6 31. Rxa6 Rb8 32. Rb5 Rxc6 33. Rxc6
Rxb5 34. Rxc7 Kf7 35. a4 Rb3 36. Kf1 Rb1+ 37. Kg2 Re1 38. Kf3 f5 39. a5 Rf1+
40. Kg2 Rf2+ 41. Kg1 Rxe2 0-1

[Event "4NCL Division 3 North"]
[Site "Bolton, ENG"]
[Date "2018.02.10"]
[Round "5.35"]
[White "Nicholson, Jim W R"]
[Black "Trueman, Glenn"]
[Result "1-0"]
[WhiteElo "1984"]
[BlackElo "1930"]
[PlyCount "67"]
[EventDate "2018.02.10"]
[WhiteTeam "Bradford DCA Knights A"]
[BlackTeam "Manchester Manticores 2"]

1. d4 c5 2. e3 Nf6 3. Nf3 g6 4. Bd3 Bg7 5. O-O O-O 6. Nbd2 cxd4 7. exd4 d5 8.
Re1 Nc6 9. c3 Bf5 10. Nf1 Bxd3 11. Qxd3 Ne4 12. Bf4 e6 13. Qe3 Rc8 14. a4 Na5
15. Ng3 Nc4 16. Qe2 Nxg3 17. Bxg3 b6 18. h4 h5 19. Bf4 Re8 20. g3 Bf6 21. Ne5
Nxe5 22. dxe5 Be7 23. Be3 Bc5 24. Red1 Qc7 25. Bd4 a5 26. Qe3 Rb8 27. Kg2 Rec8
28. g4 hxg4 29. h5 Bf8 30. Rh1 Bg7 31. hxg6 f5 32. exf6 e5 33. fxg7 exd4 34.
Qe6+ 1-0

[Event "4NCL Division 3 North"]
[Site "Bolton, ENG"]
[Date "2018.02.10"]
[Round "5.36"]
[White "Collins, Richard A"]
[Black "Gardiner, Eric D"]
[Result "1/2-1/2"]
[WhiteElo "1900"]
[BlackElo "1976"]
[PlyCount "65"]
[EventDate "2018.02.10"]
[WhiteTeam "Manchester Manticores 2"]
[BlackTeam "Bradford DCA Knights A"]

1. Nf3 d6 2. d4 Bg4 3. e3 Nd7 4. Be2 Ngf6 5. Nc3 e6 6. O-O Be7 7. e4 c6 8. Be3
O-O 9. Nd2 Bxe2 10. Qxe2 d5 11. a3 Nxe4 12. Ndxe4 dxe4 13. Nxe4 Nf6 14. Nxf6+
Bxf6 15. c3 Qd5 16. Rad1 Rfd8 17. Rd2 Rd7 18. Rfd1 Rad8 19. h3 Qe4 20. Kf1 h6
21. Qg4 Qxg4 22. hxg4 a6 23. Ke2 Kh7 24. g3 Kg6 25. Rh1 b5 26. Rh5 Rd5 27. Rxd5
cxd5 28. f4 Rh8 29. Rd1 Rb8 30. Rf1 Kh7 31. Rh1 Kg6 32. Rf1 Kh7 33. Rh1 1/2-1/2

[Event "4NCL Division 3 North"]
[Site "Bolton, ENG"]
[Date "2018.02.10"]
[Round "5.41"]
[White "Cooper, Gavyn"]
[Black "Bramson, Mike"]
[Result "1/2-1/2"]
[WhiteElo "2147"]
[BlackElo "1843"]
[PlyCount "121"]
[EventDate "2018.02.10"]
[WhiteTeam "Shropshire 1"]
[BlackTeam "Bradford DCA Knights B"]

1. Nf3 Nf6 2. g3 g6 3. Bg2 Bg7 4. O-O O-O 5. d4 d6 6. c4 Nbd7 7. Nc3 Rb8 8. e4
e5 9. h3 a6 10. Rb1 Re8 11. d5 Qe7 12. Be3 Rf8 13. Ne1 Nh5 14. b4 b6 15. Kh2 h6
16. Nd3 Ndf6 17. Qd2 Kh7 18. c5 Nxe4 19. Bxe4 f5 20. Bf3 Nxg3 21. fxg3 e4 22.
Bg2 exd3 23. Qxd3 bxc5 24. bxc5 Rxb1 25. Rxb1 dxc5 26. Re1 f4 27. gxf4 Rxf4 28.
Bxf4 Qxe1 29. Ne4 Bd4 30. Qf1 Qh4 31. Bxc7 Qe7 32. Bg3 Bf5 33. Qf4 Qb7 34. Qc7+
Qxc7 35. Bxc7 c4 36. Ba5 Kg8 37. Bc3 Be3 38. Kg3 g5 39. Kf3 Bf4 40. Bf1 Kf8 41.
Bb4+ Ke8 42. Nd6+ Bxd6 43. Bxd6 c3 44. Be5 c2 45. Bb2 Kd7 46. Ke3 a5 47. Ba3
Kc7 48. Kd2 Kb6 49. Bf8 h5 50. Bh6 g4 51. Be3+ Kc7 52. h4 Be4 53. a3 Kd6 54.
Bd3 c1=Q+ 55. Kxc1 Bxd3 56. Kd2 Bb5 57. a4 Bxa4 58. Bb6 Kxd5 59. Ke3 Ke5 60.
Bxa5 Kf5 61. Bc7 1/2-1/2

[Event "4NCL Division 3 North"]
[Site "Bolton, ENG"]
[Date "2018.02.10"]
[Round "5.42"]
[White "Patrick, David A"]
[Black "Jamieson, Ian"]
[Result "1-0"]
[WhiteElo "1887"]
[BlackElo "2102"]
[PlyCount "93"]
[EventDate "2018.02.10"]
[WhiteTeam "Bradford DCA Knights B"]
[BlackTeam "Shropshire 1"]

1. e4 Nf6 2. e5 Nd5 3. d4 d6 4. exd6 Qxd6 5. Nf3 Nc6 6. c3 Bg4 7. Be2 O-O-O 8.
O-O e5 9. Nxe5 Bxe2 10. Qxe2 Nxe5 11. Qxe5 Qg6 12. Qg3 Qh5 13. Qg5 Qe2 14. Nd2
f6 15. Qf5+ Kb8 16. Qf3 Qe6 17. Qe4 Qf7 18. Nf3 Re8 19. Qd3 Bd6 20. Bd2 g5 21.
Rfe1 Reg8 22. Qf5 Ne7 23. Qe6 Qg6 24. c4 Nf5 25. c5 Bf4 26. Bc3 g4 27. Nd2
Bxh2+ 28. Kf1 Nxd4 29. Bxd4 Qd3+ 30. Qe2 Qxd4 31. Nb3 Qf4 32. c6 bxc6 33. Nc5
Qd6 34. Rac1 Ka8 35. Red1 Rb8 36. Rxd6 cxd6 37. Na6 Rb6 38. Nc7+ Kb8 39. Na6+
Kb7 40. g3 h5 41. a3 h4 42. Nb4 hxg3 43. Qe7+ Ka8 44. Nxc6 Rb7 45. Qe4 Rxb2 46.
Nb4+ Kb8 47. Na6# 1-0

[Event "4NCL Division 3 North"]
[Site "Bolton, ENG"]
[Date "2018.02.10"]
[Round "5.43"]
[White "Hurney, Kevin"]
[Black "Dean, Robert A"]
[Result "1-0"]
[WhiteElo "2170"]
[BlackElo "1848"]
[PlyCount "77"]
[EventDate "2018.02.10"]
[WhiteTeam "Shropshire 1"]
[BlackTeam "Bradford DCA Knights B"]

1. e4 e6 2. d4 d5 3. Nd2 c5 4. Ngf3 cxd4 5. exd5 Qxd5 6. Bc4 Qd6 7. O-O Nf6 8.
Nb3 Nc6 9. Nbxd4 Nxd4 10. Nxd4 a6 11. c3 b5 12. Qf3 Rb8 13. Bf4 e5 14. Bxe5 Bb7
15. Qe3 Ng4 16. Bxf7+ Kd7 17. Qh3 Qxe5 18. Qxg4+ Kc7 19. Rfe1 Qf6 20. Be8 Bc8
21. Ne6+ Kb7 22. Qe4+ Ka7 23. Nd4 Bb7 24. Bc6 Bc5 25. Bxb7 Bxd4 26. cxd4 Rxb7
27. Qe5 Rd8 28. Qxf6 gxf6 29. Rad1 Rbd7 30. Re4 Rc8 31. Kf1 Rc2 32. Re2 Rc4 33.
Red2 Kb6 34. b3 Rc6 35. Ke2 Ka5 36. d5 Rc3 37. Rd4 Rc2+ 38. R1d2 Rc5 39. b4+
1-0

[Event "4NCL Division 3 North"]
[Site "Bolton, ENG"]
[Date "2018.02.10"]
[Round "5.44"]
[White "Slinger, Tony J"]
[Black "Whyte, Brian G"]
[Result "1-0"]
[WhiteElo "1868"]
[BlackElo "2035"]
[PlyCount "125"]
[EventDate "2018.02.10"]
[WhiteTeam "Bradford DCA Knights B"]
[BlackTeam "Shropshire 1"]

1. e4 e6 2. d3 d5 3. Nd2 Nf6 4. Ngf3 c5 5. g3 Nc6 6. Bg2 b6 7. O-O Bb7 8. Re1
Qc7 9. e5 Nd7 10. Qe2 g5 11. h3 h6 12. c4 d4 13. Ne4 Be7 14. g4 Ndxe5 15. Nexg5
hxg5 16. Nxe5 Nxe5 17. Qxe5 Qxe5 18. Rxe5 Bxg2 19. Kxg2 Kd7 20. Bd2 f6 21. Re2
Bd6 22. Rae1 Be5 23. Bxg5 Rae8 24. Bd2 Rh7 25. f4 Bd6 26. f5 e5 27. Rh1 a6 28.
h4 Reh8 29. Be1 Bf8 30. Kf3 Bh6 31. Bg3 Be3 32. h5 Kd6 33. Bh4 Ke7 34. Be1 b5
35. b3 b4 36. Bd2 Bxd2 37. Rxd2 a5 38. Ke4 Kd6 39. Rg2 Rg8 40. h6 Rg5 41. Rh4
Rg8 42. Rh5 Rgh8 43. g5 fxg5 44. Rgxg5 Ke7 45. Rg7+ Kf8 46. Rxh7 Rxh7 47. f6
Kg8 48. Kxe5 a4 49. Ke6 axb3 50. axb3 Ra7 51. f7+ Rxf7 52. h7+ Kh8 53. Kd6 Rf3
54. Kxc5 Rxd3 55. Kxb4 Rd1 56. Kc5 d3 57. b4 d2 58. Rh2 Rg1 59. Rxd2 Kxh7 60.
Rf2 Rg5+ 61. Kc6 Rg6+ 62. Kb5 Rg5+ 63. c5 1-0

[Event "4NCL Division 3 North"]
[Site "Bolton, ENG"]
[Date "2018.02.10"]
[Round "5.45"]
[White "Higgie, Charles L"]
[Black "Adam, David W"]
[Result "1/2-1/2"]
[WhiteElo "2050"]
[BlackElo "1846"]
[PlyCount "61"]
[EventDate "2018.02.10"]
[WhiteTeam "Shropshire 1"]
[BlackTeam "Bradford DCA Knights B"]

1. d4 Nf6 2. c4 g6 3. Nc3 d5 4. cxd5 Nxd5 5. e4 Nxc3 6. bxc3 Bg7 7. Bc4 c5 8.
Ne2 Nc6 9. Be3 cxd4 10. cxd4 b5 11. Bb3 Bd7 12. O-O O-O 13. h3 Na5 14. Qd3 Rc8
15. Nc3 a6 16. Rfc1 e6 17. d5 Nc4 18. Bd4 e5 19. Be3 Nxe3 20. Qxe3 Qh4 21. Rc2
b4 22. Na4 Rxc2 23. Bxc2 Bh6 24. Qe1 Rc8 25. Bb3 Bxa4 26. Bxa4 Rc4 27. f3 Qxe1+
28. Rxe1 Rd4 29. Kf2 Kf8 30. Rd1 Rxd1 31. Bxd1 1/2-1/2

[Event "4NCL Division 3 North"]
[Site "Bolton, ENG"]
[Date "2018.02.10"]
[Round "5.46"]
[White "Johnson, Paul A"]
[Black "Bryant, Richard B E"]
[Result "0-1"]
[WhiteElo "1842"]
[BlackElo "2020"]
[PlyCount "71"]
[EventDate "2018.02.10"]
[WhiteTeam "Bradford DCA Knights B"]
[BlackTeam "Shropshire 1"]

1. d4 e6 2. Nf3 f5 3. Bg5 Be7 4. Bxe7 Qxe7 5. c3 Nf6 6. Nbd2 O-O 7. g3 d6 8.
Bg2 Nc6 9. Qc2 e5 10. dxe5 dxe5 11. e3 e4 12. Nd4 Ne5 13. O-O b6 14. c4 c5 15.
Ne2 Bb7 16. Nc3 Rad8 17. Rfd1 Rd7 18. b3 Rfd8 19. Nf1 Rd3 20. Rd2 Rxd2 21. Nxd2
Nd3 22. h3 Qe5 23. a3 Nh5 24. Nf1 g5 25. Rd1 Rf8 26. Ne2 f4 27. exf4 gxf4 28.
Nc1 Nxf2 29. Qxf2 e3 30. Qe1 Bxg2 31. Kxg2 f3+ 32. Kh2 e2 33. Rd2 exf1=N+ 34.
Qxf1 Nxg3 35. Qg1 f2 36. Rxf2 0-1

[Event "4NCL Division 3 North"]
[Site "Bolton, ENG"]
[Date "2018.02.10"]
[Round "5.51"]
[White "Paul, Nathanael"]
[Black "Richardson, Alex"]
[Result "1/2-1/2"]
[WhiteElo "2005"]
[BlackElo "2155"]
[PlyCount "46"]
[EventDate "2018.02.10"]
[WhiteTeam "Shropshire 2"]
[BlackTeam "Cheddleton 2"]

1. e4 c6 2. d4 d5 3. e5 a6 4. Nc3 e6 5. Qg4 Nd7 6. Nf3 c5 7. Bd3 h5 8. Qg3 Nh6
9. O-O c4 10. Bg6 h4 11. Qh3 Be7 12. Bh5 Nf8 13. a4 g6 14. Bg4 Nf5 15. Ne2 Bd7
16. a5 g5 17. c3 Ng6 18. Ne1 f6 19. exf6 Bxf6 20. f4 O-O 21. Bxf5 exf5 22. fxg5
Bxg5 23. Nf4 Bxf4 1/2-1/2

[Event "4NCL Division 3 North"]
[Site "Bolton, ENG"]
[Date "2018.02.10"]
[Round "5.52"]
[White "Boswell, Jacob Connor"]
[Black "Lewis, Christopher D"]
[Result "1-0"]
[WhiteElo "2072"]
[BlackElo "1892"]
[PlyCount "109"]
[EventDate "2018.02.10"]
[WhiteTeam "Cheddleton 2"]
[BlackTeam "Shropshire 2"]

1. e4 c6 2. d4 d5 3. Nd2 dxe4 4. Nxe4 Bf5 5. Ng3 Bg6 6. h4 h6 7. Nf3 Nd7 8. h5
Bh7 9. Bd3 Bxd3 10. Qxd3 Ngf6 11. Bd2 e6 12. O-O-O Be7 13. Ne4 Nxe4 14. Qxe4
Nf6 15. Qe2 Qd5 16. c4 Qe4 17. Qxe4 Nxe4 18. Be3 b5 19. Kc2 Bf6 20. Kd3 Nd6 21.
b3 Kd7 22. g4 bxc4+ 23. bxc4 Rab8 24. Ne5+ Bxe5 25. dxe5 Nc8 26. Kc3+ Kc7 27.
Bc5 Rb7 28. Rd2 Nb6 29. Bxb6+ Rxb6 30. Rhd1 Ra6 31. Rd7+ Kb6 32. Rb1+ Kc5 33.
Rc7 Ra5 34. Rb5+ Rxb5 35. cxb5 g6 36. bxc6 gxh5 37. gxh5 Rg8 38. Rxf7 Kxc6 39.
Rf6 Kd5 40. Rxh6 Kxe5 41. Rh7 Ke4 42. Re7 Rh8 43. Rxe6+ Kd5 44. Ra6 Rf8 45. h6
Rxf2 46. h7 Rh2 47. Rxa7 Kc5 48. Kd3 Kd5 49. Ke3 Ke5 50. Kf3 Kf5 51. Kg3 Rh1
52. a4 Kg5 53. a5 Kf5 54. a6 Kg5 55. Rb7 1-0